000 00658nam a2200205Ia 4500
003 GCL
008 140319s9999 xx 000 0 ara d
040 _aGCL /
_cGCL
082 0 4 _a109
_bع م
100 1 _aعبدالقادر محمود
245 1 0 _aمذاهب وافكار فى الفلسفة والفن /
_cعبدالقادر محمود
260 _aالقاهرة :
_bدار الفكر العربى ،
_c1972
300 _a384 ص ؛
_c24 سم
650 0 4 _aالفلسفة
650 0 4 _aالفلسفة اليونانية
650 0 4 _aالفن
650 0 4 _aالفلسفة - تاريخ
650 0 4 _aالفلسفة والفن
942 _2ddc
_cBK
999 _c32148
_d32148